00956nam a2200241 a 4500001001000000003000400010005001700014008004100031020001500072040002500087082001600112245012700128260003700255300002700292490003500319504007300354700003800427710006000465830004200525942001300567952011900580999001500699000005248OSt20200929151624.0090818s1988 sp 000 0 spa d a8400068718 aDO-SdBNPbspacBNPHU axxxxbC965p00aCuestionarios para la formación de las relaciones geográficas de Indias siglos XVI/XIX. /ceditor Francisco de Solano. aMadrid, España :bCSIC,c1988. acvii, 234 p. ;c24 cm.1 aTierra nueva e cielo nuevov25 aIncluye referencias bibliográficas y notas al pie de las páginas1 aSolano, francisco de,eed.9149771 aConsejo Superior de Investigaciones Científicas94786 0aTierra nueva e cielo nuevon25914978 2ddccLF1 001054708MOaGRbGRcHDd2009-08-18iLF1l0oxxxx C965pp5248-10r2020-06-25w2020-06-25y4ZPréstamo en sala c5049d5049